000 00568nam a22001697a 4500
005 20251108164805.0
008 250721s9999 xx 000 0 ara d
082 1 4 _a810.906/خضر
100 1 _aعطا الله، خضر أحمد
245 1 0 _aدراسات مقارنة بين النشاط الأدبي في الدولتين الفاطمية و العباسية /
264 1 _aبيروت :
_bدار ابن زيدون،
_c[19-].
300 _a66 ص
650 1 7 _aالأدب العربي
650 1 7 _aالنقد الأدبي
942 _2ddc
_cBK
999 _c14436
_d14436